| 000 | 00586nam a22001817a 4500 | ||
|---|---|---|---|
| 999 |
_c61616 _d61616 |
||
| 005 | 20240401105212.0 | ||
| 008 | 240401s2016 gw ||||| |||| 00| 0 ger d | ||
| 020 | _a9783476026415 | ||
| 041 | _ager | ||
| 080 | _a81'.1 G-55 | ||
| 100 |
_aGlück, Helmut _921642 |
||
| 245 |
_aMetzler Lexikon Sprache / _cHelmut Glück, Michael Rödel. |
||
| 264 |
_aStuttgard : _bJ.B. Metzler, _c2016. |
||
| 300 |
_a816 p. ; _b24 cm. |
||
| 653 | _aმეტცლერის ლექსიკის ენა | ||
| 700 |
_aRödel, Michael _eავტორი _921643 |
||
| 942 |
_2udc _cᲬᲘᲒᲜᲘ |
||